Optimal Control of Systems Governed by Partial Differential Equations

Αποθηκεύτηκε σε:
Λεπτομέρειες βιβλιογραφικής εγγραφής
Κύριος συγγραφέας: Lions, J.-L. (Jacques-Louis), 1928-2001
Άλλοι συγγραφείς: Mitter, S. K. (Sanjoy K.), 1933- (Μεταφραστής)
Μορφή: Βιβλίο
Γλώσσα:English
Δημοσίευση: Berlin : Springer-Verlag, 1971.
Σειρά:Grundlehren der mathematischen wissenschaften ; 170
Θέματα:
Ετικέτες: Προσθήκη ετικέτας
Δεν υπάρχουν, Καταχωρήστε ετικέτα πρώτοι!

MARC

LEADER 00000cam a2200000 i 4500
001 1/58324
008 941103s1971 gw ||| | eng||
020 |a 3540051155 
035 |a 1993  |c ΒΙΒΛΙΟΘΗΚΗ  |l 10045891 
035 |a 1995 
040 |a GR-MyUA  |b gre  |e AACR2 
041 0 |a eng 
082 0 |a 515.64  
100 1 |a Lions, J.-L.   |q (Jacques-Louis),   |d 1928-2001. 
245 1 0 |a Optimal Control of Systems Governed by Partial Differential Equations /   |c J. L. Lions ; Translated by Dr. S. K. Mitter.  
260 |a Berlin :   |b Springer-Verlag,   |c 1971.  
300 |a 396 σ. ;   |c 24 εκ.  
490 1 |a (Grundlehren der mathematischen Wissenschaften   |v ; 170) 
504 |a Περιέχει βιβλιογραφικές αναφορές και ευρετήριο.  
650 0 0 |a Control theory. 
650 0 0 |a Differential equations, Partial. 
700 1 |a Mitter, S. K.   |q (Sanjoy K.),   |d 1933-  |e trl 
830 0 |a Grundlehren der mathematischen wissenschaften ;  |v  170 
852 |a INST  |b SAMOS  |e 19941103  |h 515.64 LIO  |p 005300003210  |q 005300003210  |t BK  |y 0 
852 |a INST  |b SAMOS  |e 19960708  |h 515.64 LIO  |p 005300005178  |q 005300005178  |t BK  |y 0 
852 |a INST  |b SAMOS  |e 19941103  |h 515.64 LIO  |p 005300014002  |q 005300014002  |t BK  |y 12 
909 |a Σ  |b 026960 
909 |a Σ  |b 039357 
909 |a Σ  |b 019912